000 00701nam a2200205 i 4500
001 102467
003 ES-MaACL
005 20250807062547.0
007 t|
008 051111s1924 gw ||||1| ger d
100 1 _aMeng, Heinrich.
_980352
245 1 4 _aDas ärztliche Volksbuch :
_bgemeinverständliche Gesundheitspflege und Heilkunde /
_cherausgegeben... Heinrich Meng; unter mitwikung von Karl Aug. Fiessler und Paul Federn.
260 _aStuttgart :
_bHippokrates-verlag,
_c[1924?]
300 _a2 v. ;
_c24 cm.
650 7 _aMedicina
_2embne
_914891
700 1 _aFiessler, Karl August.
_950728
700 1 _aFedern, Paul.
_949071
852 4 _aES-MaACL
_jA-4940-41
999 _c102467
_d102467